Essentials of clinical immunology / (Record no. 114206)

MARC details
000 -LEADER
fixed length control field 00689nam a2200241 a 4500
008 - FIXED-LENGTH DATA ELEMENTS--GENERAL INFORMATION
fixed length control field
020 ## - INTERNATIONAL STANDARD BOOK NUMBER
International Standard Book Number 0632015845 (pbk.)
049 ## - LOCAL HOLDINGS (OCLC)
Holding library MAIN
090 ## - LOCALLY ASSIGNED LC-TYPE CALL NUMBER (OCLC); LOCAL CALL NUMBER (RLIN)
Classification number (OCLC) (R) ; Classification number, CALL (RLIN) (NR) RC582
Local cutter number (OCLC) ; Book number/undivided call number, CALL (RLIN) CHA
003 - CONTROL NUMBER IDENTIFIER
control field
005 - DATE AND TIME OF LATEST TRANSACTION
control field 20230120203934.0
040 ## - CATALOGING SOURCE
Transcribing agency NUST
100 1# - MAIN ENTRY--PERSONAL NAME
Personal name Chapel, Helen.
245 10 - TITLE STATEMENT
Title Essentials of clinical immunology /
Statement of responsibility, etc. Helen Chapel and Mansel Haeney.
260 ## - PUBLICATION, DISTRIBUTION, ETC.
Place of publication, distribution, etc. Oxford ; Boston :
Name of publisher, distributor, etc. ELBS,
Date of publication, distribution, etc. 1984.
300 ## - PHYSICAL DESCRIPTION
Extent v, 438 p. :
Other physical details ill. ;24 cm.
504 ## - BIBLIOGRAPHY, ETC. NOTE
Bibliography, etc. note Includes bibliographical references.
500 ## - GENERAL NOTE
General note Includes index.
650 #2 - SUBJECT ADDED ENTRY--TOPICAL TERM
Topical term or geographic name entry element Immunity.
700 1# - ADDED ENTRY--PERSONAL NAME
Personal name Haeney, Mansel.
907 ## - LOCAL DATA ELEMENT G, LDG (RLIN)
a .b10219225
b 16-08-11
c 08-11-06
942 ## - ADDED ENTRY ELEMENTS (KOHA)
Koha item type Ordinary Loan Books
Call number prefix RC582
Call number suffix CHA
Holdings
Date last seen Total Checkouts Full call number Barcode Cost, replacement price Price effective from Koha item type Lost status Source of classification or shelving scheme Damaged status Not for loan Collection Withdrawn status Home library Current library Shelving location Date acquired Cost, normal purchase price
01/20/2023   RC582 CHA 92004004204 80.00 01/20/2023 BOOKS   LCC     NFIC   Medical Medical GEN 01/20/2023 80.00